Palomar / (Registro nro. 3331)

Detalles MARC
000 -CABECERA
campo de control de longitud fija 00871nam a22002417a 4500
003 - IDENTIFICADOR DEL NÚMERO DE CONTROL
campo de control AR-RoIUNI
005 - FECHA Y HORA DE LA ÚLTIMA TRANSACCIÓN
campo de control 20210323085532.0
007 - CAMPO FIJO DE DESCRIPCIÓN FÍSICA--INFORMACIÓN GENERAL
campo de control de longitud fija ta
008 - DATOS DE LONGITUD FIJA--INFORMACIÓN GENERAL
campo de control de longitud fija 160928s1985 ag |||||r|||| 00| 0 spa d
020 ## - NÚMERO INTERNACIONAL ESTÁNDAR DEL LIBRO
Número Internacional Estándar del Libro 9504000134
040 ## - FUENTE DE LA CATALOGACIÓN
Centro/agencia transcriptor AR-RoIUNI
080 ## - NÚMERO DE LA CLASIFICACIÓN DECIMAL UNIVERSAL
Número de la Clasificación Decimal Universal 82-1
100 1# - ENTRADA PRINCIPAL--NOMBRE DE PERSONA
Nombre de persona Calvino, Italo,
Fechas asociadas al nombre 1923-1985
245 10 - MENCIÓN DE TÍTULO
Título Palomar /
Mención de responsabilidad, etc. Italo Calvino.
250 ## - MENCIÓN DE EDICIÓN
Mención de edición 1a ed.
260 ## - PUBLICACIÓN, DISTRIBUCIÓN, ETC. (PIE DE IMPRENTA)
Lugar de publicación, distribución, etc. Buenos Aires :
Nombre del editor, distribuidor, etc. Alianza,
Fecha de publicación, distribución, etc. 1985.
300 ## - DESCRIPCIÓN FÍSICA
Extensión 127 p. ;
Dimensiones 20 cm.
490 0# - MENCIÓN DE SERIE
Mención de serie Alianza literatura
505 0# - NOTA DE CONTENIDO CON FORMATO
Nota de contenido con formato 1. Las vacaciones de palomar. Palomar en la playa -- Palomar en el jardín -- Palomar mira el cielo -- 2. Palomar en la ciudad . Palomar en la terraza -- Palomar hace las compras -- Palomar en el zoo -- 3. Los silencios de Palomar. Los viajes de Palomar -- Palomar en sociedad -- Las meditaciones de Palomar.
650 #4 - PUNTO DE ACCESO ADICIONAL DE MATERIA--TÉRMINO DE MATERIA
Término de materia o nombre geográfico como elemento inicial PSICOLOGÍA
9 (RLIN) 108
650 #4 - PUNTO DE ACCESO ADICIONAL DE MATERIA--TÉRMINO DE MATERIA
Término de materia o nombre geográfico como elemento inicial ENSAYO
942 ## - ELEMENTOS DE PUNTO DE ACCESO ADICIONAL (KOHA)
Fuente del sistema de clasificación o colocación Clasificación Decimal Universal
Tipo de ítem Koha Libros
Existencias
Estado de retiro Estado de pérdida Fuente del sistema de clasificación o colocación Estado dañado Excepción de préstamo Código de colección Localización permanente Ubicación/localización actual Ubicación en estantería Fecha de adquisición Número de inventario Total de préstamos Signatura topográfica completa Código de barras Fecha visto por última vez Número de copia Precio válido a partir de Tipo de ítem Koha Nota pública
    Clasificación Decimal Universal     Psicología BIBLIOTECA RIOBAMBA BIBLIOTECA RIOBAMBA BIBLIOTECA RIOBAMBA 22/08/2016 3429   82-1 CAL 3429 28/09/2016 1 28/09/2016 Libros Donación Pablo Zöpke